000 00707nam a22002297a 4500
003 UA-OsUOA
001 120698
007 ta
008 20170209b un ||||| |||| 00| 0 ukr d
100 _aГаврилюк Н.О.
700 _aМатера М.
090 _a902
_bГ12
942 _cSA
040 _aUA-OsUOA
_bukr
_cUA-OsUOA
_dUA-OsUOA
245 _a"Пізньоскіфські" чи "постскіфські" городища Нижнього Подніпров'я
300 _aС.121-136
955 _a0
041 _aukr
080 _a902
773 0 _w120688
_tАрхеологія
_dК.
_d2016
_g4
650 7 _a9 Географія. Біографії. Історія
_2UDC
999 _c406587
_d406587